000 00938nam a22002897a 4500
001 7213
003 FISKH
005 20250702153123.0
008 250702b cb ||||| |||| 00| 0 eng d
020 _a9780590566452
040 _aFISKH
_beng
_cFISKH
_dFISKH
050 _aPZ7.S86037 T
082 _a813.54
100 _aStine, R.L.
_d(1943-)
245 _aGoosebumps :
_bTick tock, you're dead /
_cR.L. Stine
250 _aThis edition first published in 1995
260 _aNew York :
_bScholastic,
_c1995
300 _a135 pages :
_c20 cm
505 _aJ
520 _aA terrifying tour through a medieval castle, a close-up look at ferocious dinosaurs, and a shivery vision of the future are just three of the twenty adventures readers can experience.
521 8 _a480
_bLexile
521 8 _aJ
_bRaz-Plus
650 _2Goosebumps
_aScary
650 _2Horror
_aGive Yourself
942 _2ddc
_cBK
_n0
999 _c7213
_d7213